[Event "South America-ch U12 Girls 17th"]
[Site "Guayaquil"]
[Date "2022.01.27"]
[Round "4"]
[White "Romero Torres, Amelia Valentina"]
[Black "El Hage Serrano, Caely Dilsa"]
[Result "1-0"]
[WhiteElo "1141"]
[BlackElo "1338"]
[PlyCount "106"]
[EventDate "2022.01.25"]
[EventType "swiss"]
[EventRounds "9"]
[EventCountry "ECU"]
[SourceTitle "CBM 206 Extra"]
[Source "ChessBase"]
[SourceDate "2022.03.31"]
[SourceVersion "1"]
[SourceVersionDate "2022.03.31"]
[SourceQuality "1"]

1. e4 e6 2. d4 d5 3. Nd2 dxe4 4. Nxe4 Be7 5. Nf3 Nd7 6. Bc4 Ngf6 7. Ng3 b6 8. 0-0 Bb7 9. b3 0-0 10. Bb2 c5 11. Re1 Re8 12. dxc5 Nxc5 13. Qe2 a6 14. Rad1 Qc8 15. a4 Nce4 16. Nxe4 Nxe4 17. Bd3 Nc3 18. Bxc3 Qxc3 19. Ne5 Bf6 20. Bxh7+ Kf8 21. Nd7+ Ke7 22. Nxf6 gxf6 23. Qd3 Qxd3 24. Rxd3 Red8 25. Rxd8 Rxd8 26. Bd3 a5 27. g3 Rd4 28. f4 Bd5 29. Re3 Bc6 30. Kf2 Rd8 31. Bb5 Bxb5 32. axb5 Rd2+ 33. Re2 Rd5 34. c4 Rd3 35. Rb2 Kd6 36. Ke2 Rc3 37. Rd2+ Kc5 38. Rb2 Kb4 39. Kd2 Rxb3 40. Rxb3+ Kxb3 41. Kc1 Kxc4 42. h4 Kxb5 43. h5 a4 44. h6 Kb4 45. h7 Kb3 46. h8Q b5 47. Qxf6 a3 48. Qxf7 b4 49. Qxe6+ Kc3 50. Qa2 Kd3 51. Qb3+ Ke4 52. Qxb4+ Kf5 53. Qxa3 Kg4 1-0

[Event "South America-ch U12 Girls 17th"]
[Site "Guayaquil"]
[Date "2022.01.26"]
[Round "3"]
[White "Romero Torres, Amelia Valentina"]
[Black "Maravi Ceron, Ayme Jacqueline"]
[Result "1-0"]
[WhiteElo "1141"]
[BlackElo "1131"]
[PlyCount "76"]
[EventDate "2022.01.25"]
[EventType "swiss"]
[EventRounds "9"]
[EventCountry "ECU"]
[SourceTitle "CBM 206 Extra"]
[Source "ChessBase"]
[SourceDate "2022.03.31"]
[SourceVersion "1"]
[SourceVersionDate "2022.03.31"]
[SourceQuality "1"]

1. e4 c5 2. Nf3 d6 3. d4 cxd4 4. Nxd4 Nf6 5. Nc3 a6 6. Bg5 Nbd7 7. Bc4 b5 8. Bd5 Nxd5 9. Nxd5 Bb7 10. Qe2 h6 11. Bd2 e6 12. Nb4 Rc8 13. c3 Be7 14. Nf3 0-0 15. 0-0 Nb6 16. Rad1 Nc4 17. Bf4 e5 18. Nxe5 a5 19. Nxc4 Rxc4 20. Nd5 Bxd5 21. Rxd5 f5 22. Rxb5 Rxe4 23. Qd2 g5 24. Be3 Qc7 25. Bb6 Qc6 26. Qd5+ Qxd5 27. Rxd5 Rb8 28. Bxa5 Rxb2 29. Rxf5 Rxa2 30. Bb4 Rd2 31. Rf3 Bd8 32. Ra1 Kg7 33. Ra7+ Be7 34. Re3 Rxe3 35. fxe3 Kf6 36. c4 Rd1+ 37. Kf2 Rb1 38. Bc3+ Kf7 1-0

[Event "ECU-ch Qual Blitz"]
[Site "Chess.com INT"]
[Date "2021.06.25"]
[Round "9"]
[White "Romero Torres, Amelia Valentina"]
[Black "Pincay Coloma, Renata Alejandra"]
[Result "1-0"]
[WhiteElo "1472"]
[BlackElo "1590"]
[PlyCount "31"]
[EventDate "2021.06.25"]
[EventType "swiss (blitz)"]
[EventRounds "9"]
[EventCountry "ECU"]
[SourceTitle "CBM 203 Extra"]
[Source "ChessBase"]
[SourceDate "2021.09.30"]
[SourceVersion "1"]
[SourceVersionDate "2021.09.30"]
[SourceQuality "1"]

1. e4 c5 2. Nf3 d6 3. d4 cxd4 4. Nxd4 Nc6 5. Bb5 Bd7 6. 0-0 Nxd4 7. Bxd7+ Qxd7 8. Qxd4 Nf6 9. Nc3 g6 10. Bg5 Bg7 11. Qd2 b5 12. Rad1 b4 13. Bxf6 Bxf6 14. Nd5 Bxb2 15. Qxb4 Rb8 16. Qxb8+ 1-0

[Event "Preinscritos IRT Online"]
[Site "Chess.com INT"]
[Date "2020.12.26"]
[Round "9"]
[White "Monar Narvaez, Vianka Jordana"]
[Black "Romero Torres, Amelia Valentina"]
[Result "1-0"]
[WhiteElo "924"]
[BlackElo "1379"]
[PlyCount "47"]
[EventDate "2020.12.26"]
[EventType "swiss"]
[EventRounds "11"]
[EventCountry "ECU"]
[SourceTitle "CBM 200 Extra"]
[Source "ChessBase"]
[SourceDate "2021.03.31"]
[SourceVersion "1"]
[SourceVersionDate "2021.03.31"]
[SourceQuality "1"]

1. e4 e6 2. Nf3 d5 3. Nc3 d4 4. Ne2 c5 5. c3 Nc6 6. cxd4 cxd4 7. Ng3 e5 8. Bb5 Bg4 9. Bxc6+ bxc6 10. d3 Nf6 11. h3 Bxf3 12. Qxf3 Qa5+ 13. Bd2 Bb4 14. Qe2 Rb8 15. b3 0-0 16. 0-0 Bxd2 17. Nf5 Rfe8 18. Qf3 Bc3 19. Qg3 g6 20. Nh6+ Kg7 21. Nf5+ Kf8 22. Qh4 Bxa1 23. Qh6+ Kg8 24. Qg7# 1-0

[Event "Preinscritos IRT Online"]
[Site "Chess.com INT"]
[Date "2020.12.26"]
[Round "10"]
[White "Romero Torres, Amelia Valentina"]
[Black "Rodriguez Portilla, Alexis Daniel"]
[Result "1-0"]
[WhiteElo "1379"]
[BlackElo "1081"]
[PlyCount "51"]
[EventDate "2020.12.26"]
[EventType "swiss"]
[EventRounds "11"]
[EventCountry "ECU"]
[SourceTitle "CBM 200 Extra"]
[Source "ChessBase"]
[SourceDate "2021.03.31"]
[SourceVersion "1"]
[SourceVersionDate "2021.03.31"]
[SourceQuality "1"]

1. e4 e5 2. Nf3 Nc6 3. Bb5 d6 4. 0-0 Nf6 5. d4 a6 6. Ba4 b5 7. Bb3 Be7 8. dxe5 dxe5 9. Qxd8+ Bxd8 10. Bd5 Bb7 11. Bxc6+ Bxc6 12. Nxe5 Bxe4 13. Re1 Be7 14. f3 Bc6 15. Nxc6 0-0 16. Rxe7 Nd5 17. Rd7 Nf6 18. Rxc7 Nd5 19. Ne7+ Nxe7 20. Rxe7 Rfc8 21. c3 b4 22. Bf4 bxc3 23. Nxc3 Rc4 24. Bg3 Rac8 25. Rae1 a5 26. Re8+ 1-0